000 00427nam a2200169Ia 4500
005 20250704030602.0
008 240331s9999 xx 000 0 und d
020 _a9559348116
082 _bWOL
_a920
100 _aWolf,L
245 0 _aLakbime sath wasak :
_bgrowing
250 _a3rd
260 _aColombo
_bSooriya Publishers
_c2001
300 _a287 p .,
500 _aSinhala Translation By Premachandra Alwis
942 _cL
999 _c5288
_d5288